000 00453nam a2200181Ia 4500
008 170705s9999 xx 000 0 und d
020 _a9780545447386
245 _aFlutter :
245 _bthe story of four sisters and one incredible journey /
245 _cErin E. Moulton.
260 _aNew York :
260 _bScholastic,
260 _c2011
300 _a200 pages :
300 _bcolor illustration ;
300 _c19cm.
500 _a720
999 _c336357
_d336357